| 000 | 02159nam a2200421 i 4500 | ||
|---|---|---|---|
| 001 | 155392 | ||
| 003 | ES-MaACL | ||
| 005 | 20250830063108.0 | ||
| 008 | 931025e1798 sp |r 001 0 spa | ||
| 040 |
_aCYL _bspa _cES-MaACL |
||
| 080 | _a572 | ||
| 080 | _a113/119 | ||
| 080 | _a57"17" | ||
| 080 | _a37"17" | ||
| 100 | 1 |
_aHervás, Lorenzo, _d1735-1809 _eaut _963423 |
|
| 245 | 1 | 0 |
_aHistoria de la vida del hombre. _nContinuacion de la parte II. _nTomo V / _csu autor el abate D. Lorenzo Hervás y Panduro, Teólogo del ... Cardenal Juan Francisco Albani, Decano del Sagrado Colegio, y Canonista del ... Cardenal Aurelio Roverella ... |
| 260 |
_aEn Madrid : _ben la imprenta de la Administracion de la Rifa del Real Estudio de Medicina Práctica : _bse hallará .... en la Librería de Ranz, calle de la Cruz ..., _c1798 |
||
| 300 |
_a[6], 354 páginas, [2] en blanco ; _c4º |
||
| 500 | _aÍndice | ||
| 505 | 0 | _aEl hombre en la virilidad: El hombre en la virilidad, miembro distinguido de la sociedad civil; Perfección física del hombre en su virilidad; Discursos políticos relativos al hombre y a la sociedad civil | |
| 530 | _aDisponible en formato digital | ||
| 594 | _aTítulo en anteportada: "Historia de la vida del hombre, ó Idea del universo, baxo cuyo título se publicó en italiano" | ||
| 597 | _aSign.: [ ]3, A-Z4, 2A-2X4, 2Y2. | ||
| 597 | _aAnteportada | ||
| 650 | 4 |
_aHombre _913451 |
|
| 650 | 4 |
_aAntropología filosófica- _vObras anteriores a 1800 _9147426 |
|
| 650 | 4 |
_aBiología- _vObras anteriores a 1800 _9157398 |
|
| 650 | 4 |
_aEducación- _vObras anteriores a 1800 _912084 |
|
| 710 | 2 |
_aImprenta de la Rifa del Real Estudio de Medicina Práctica _eprm _9242133 |
|
| 710 | 2 |
_aLibrería de Ranz _eedt _ebsl _9242134 |
|
| 740 | 3 | 2 | _aEl hombre en la virilidad |
| 752 |
_aEspaña - _dMadrid |
||
| 852 | 4 |
_aES-MaACL _cDEPO _dOlim: G-2562-68 _jR-822-28 _xPasta española |
|
| 856 | 4 |
_uhttps://repositorio.bde.es/handle/123456789/35232 _yVersión en línea _z(Repositorio Institucional del Banco de España) |
|
| 942 |
_cMONANT _n0 |
||
| 999 |
_c155392 _d155392 |
||